Les 10 départements avec le meilleur PIB par habitant - Statistiques

Statistiques générales
  • Ce quiz a été pris 85 fois
  • Le résultat moyen est 7 sur 10
Statistiques - réponses
PIB par habitant Département % Correct
124 650 Paris
97%
54 870 Rhône
79%
117 902 Hauts-de-Seine
75%
41 228 Val-de-Marne
75%
42 714 Yvelines
75%
45 726 Bouches-du-Rhône
71%
41 056 Seine-Saint-Denis
71%
45 934 Essonne
67%
43 032 Haute-Garonne
50%
40 668 Loire-Atlantique
46%
Aucun quiz correspondant
Distribution des résultats
% des personnes avec chaque résultat
Percentile par nombre de réponses
Votre historique - résultats
Vous n’avez pas pris ce quiz